Countries That Border Brazil - Statistics

General Stats
  • This quiz has been taken 49 times
  • The average score is 10 of 10
Answer Stats
Answer % Correct
Argentina
100%
Bolivia
100%
Colombia
100%
Paraguay
100%
Peru
100%
Uruguay
100%
Suriname
96%
Venezuela
96%
Guyana
93%
France
84%
No matching quizzes found
Score Distribution
Percent of People with Each Score
Percentile by Number Answered
Your Score History
You have not taken this quiz